000
00260nam a22001217a 4500
999
_c
154000
_d
154000
082
_a
_b
100
_a
Ravindran Asari K
245
_a
Informatics/
_c
by Ravindran Asari K.
260
_a
_b
Ane Books,
_c
2010.
300
_a
276p.
650
_a
942
_c
BK